| 000 | 00000nam##2200000za#4500 |
| 001 | 9.697581 |
| 003 | CaOODSP |
| 005 | 20250319162510 |
| 007 | cr ||||||||||| |
| 008 | 150407|1969||||xxc|||||o f|0| 0 eng|d |
| 040 | |aCaOODSP|beng |
| 043 | |an-cn--- |
| 086 | 1 |aA73-1403/1969E-PDF |
| 110 | 1 |aCanada.|bAgriculture Canada. |bEconomics Branch. |
| 245 | 10|aEstablishing a farm in Canada / |h[electronic resource]|c[by] S.W. Garland. |
| 260 | |aOttawa - Ontario : |bAgriculture Canada. |c1969. |
| 300 | |a44p.|btables |
| 500 | |aHistorical publication digitized by Agriculture and Agri-Food Canada. "This publication replaces 1242, Starting Farming in Canada."--p. 4 of 44. |
| 590 | |a13-17-Supp|b2013-07-25 |
| 690 | 07|aAgricultural assistance|2gcpds |
| 690 | 07|aAgricultural economics|2gcpds |
| 690 | 07|aFarming|2gcpds |
| 775 | 08|tChoix d'une ferme au Canada / |w(CaOODSP)9.642270 |
| 856 | 40|ahttp://publications.gc.ca|qPDF|s2.26 MB|uhttps://publications.gc.ca/collections/collection_2013/aac-aafc/agrhist/A73-1403-1969-eng.pdf |
| 986 | |a1403 |